Score 0/10 Timer 03:00
0 Plays Today
Border % Correct
Hungary - Slovakia
95.2%
Hungary - Austria
95.1%
Hungary - Romania
86.5%
Hungary - Serbia
84.7%
Slovakia - Czechia
78.5%
Hungary - Croatia
77.8%
Serbia - Croatia
72.1%
Austria - Slovakia
69.4%
Slovakia - Poland
65.1%
Serbia - Romania
58.1%
Remove Ads.
Support Sporcle.
Get the best of Sporcle when you Go Orange. This ad-free experience offers more features, more stats, and more fun while also helping to support Sporcle. Thank you for becoming a member.

You're not logged in!

Compare scores with friends on all Sporcle quizzes.
OR
Log In

Show Comments

Extras

Top Quizzes Today


Score Distribution

Your Account Isn't Verified!

In order to create a playlist on Sporcle, you need to verify the email address you used during registration. Go to your Sporcle Settings to finish the process.

Report this User

Report this user for behavior that violates our Community Guidelines.

Details: